South Eastern Kenya University

Library Online Public Access Catalogue


Second course in Fundamentals of Mathematics/ (Record no. 11701)

MARC details
000 -LEADER
fixed length control field 00297cam a2200109u 4500
050 00 - LIBRARY OF CONGRESS CALL NUMBER
Classification number QA106
Item number .S712
100 1# - MAIN ENTRY--PERSONAL NAME
Personal name Stein, Edwin I. [from old catalog]
245 10 - TITLE STATEMENT
Title Second course in fundamentals of mathematics
260 ## - PUBLICATION, DISTRIBUTION, ETC. (IMPRINT)
Place of publication, distribution, etc. Boston,
Name of publisher, distributor, etc. Allyn and Bacon,
Date of publication, distribution, etc. 1966.
300 ## - PHYSICAL DESCRIPTION
Extent xi, 355 p.
942 ## - ADDED ENTRY ELEMENTS (KOHA)
Source of classification or shelving scheme Library of Congress Classification
Koha item type General circulation
Holdings
Withdrawn status Lost status Source of classification or shelving scheme Damaged status Not for loan Home library Current library Shelving location Date acquired Source of acquisition Total Checkouts Full call number Barcode Date last seen Price effective from Koha item type Public note
    Library of Congress Classification     Kitui Town Campus Library Kitui Town Campus Library General Stacks 01/03/2016 Donation-Books for Africa   QA 106 .S71 2016/013194 01/03/2016 01/03/2016 General circulation dm
Kitui, Kenya.
+254736116989
library@seku.ac.ke